| 000 | 00654naa a2200205 a 4500 | ||
|---|---|---|---|
| 001 | 85656 | ||
| 003 | BD-RjUL | ||
| 005 | 20250908091404.0 | ||
| 008 | 250908s1952 pk ||||| |||| 00| 0 urd d | ||
| 035 | _a(BD-RjUL)85656 | ||
| 040 |
_aBD-RjUL _beng _cBD-RjUL |
||
| 041 | _aurd | ||
| 082 |
_223 _a891.43909 _bJAT 1954 |
||
| 100 |
_aجعفری ، عبد الواسع ;; Jafari, Abdul Wasi _916804 |
||
| 245 |
_aتاريخ قصائد اردو ;; taarikh qasaid Urdu / _cعبد الواسع جعفری ;; Abdul Wasi Jafari |
||
| 260 |
_aElahabad : _bMatbah i Anawar Ahmadi , _c1654 |
||
| 300 |
_a240 p. ; _c17 cm |
||
| 650 | _aUrdu History | ||
| 942 |
_2ddc _cBK |
||
| 999 |
_c85656 _d85656 |
||